Countries that End and Start with The Same Letter - Statistics

General Stats
  • This quiz has been taken 484 times
    427 since last reset
  • The average score is 12 of 15
Answer Stats
Hint Answer % Correct
Australia
93%
Austria
93%
A Albania
92%
Armenia
88%
Argentina
87%
Algeria
86%
Andorra
86%
Angola
82%
Antigua and Barbuda
75%
Seychelles
73%
Czech Republic
71%
S Saint Kitts and Nevis
63%
Solomon Islands
62%
Saint Vincent and the Grenadines
60%
C Central African Republic
51%
No matching quizzes found
Score Distribution
Percent of People with Each Score
Percentile by Number Answered
Your Score History
You have not taken this quiz since the last reset